000 00644nam a2200181 4500
001 120432
003 ES-MaACL
005 20230906191542.0
007 t|
008 070214s1967 sp r ||||1| spa d
100 1 _aPita Andrade, José Manuel.
_992394
245 1 4 _aLos tesoros de España
_b: desde Altamira hasta los Reyes Católicos /
_ctexto de José Manuel Pita Andrade ; introducción de F. J. Sánchez Cantón.
260 _aBarcelona :
_bDestino,
_c1967.
300 _a248 p., 86 lám. ;
_c33 cm.
700 1 _aSánchez Cantón, Francisco Javier,
_d1891-1971
_9102521
852 _aES-MaACL
_jC-33918
999 _c120432
_d120432